Illinois Delegation to the House of Representatives - Statistics

General Stats
  • This quiz has been taken 35 times
    16 since last reset
  • The average score is 14 of 17
Answer Stats
District Party Representative % Correct
14 (D) Lauren Underwood
100%
15 (R) Mary Miller
100%
16 (R) Darin LaHood
93%
4 (D) Jesús "Chuy" García
93%
6 (D) Sean Casten
93%
9 (D) Jan Schakowsky
86%
12 (R) Mike Bost
86%
13 (D) Nikki Budzinski
86%
11 (D) Bill Foster
79%
7 (D) Danny K. Davis
79%
17 (D) Eric Sorensen
79%
8 (D) Raja Krishnamoorthi
79%
10 (D) Brad Schneider
71%
3 (D) Delia Ramirez
71%
1 (D) Jonathan Jackson
71%
5 (D) Mike Quigley
71%
2 (D) Robin Kelly
71%
No matching quizzes found
Score Distribution
Percent of People with Each Score
Percentile by Number Answered
Your Score History
You have not taken this quiz since the last reset